LEADER 00922nam--2200349---450 001 990005844890203316 005 20220307103529.0 010 $a978-88-17-05842-1 035 $a000584489 035 $aUSA01000584489 035 $a(ALEPH)000584489USA01 035 $a000584489 100 $a20130517d2012----km-y0itay50------ba 101 $aita 102 $aIT 105 $a||||||||001yy 200 1 $aCreta$e1941-1945: la battaglia e la resistenza$fAntony Beevor 210 $aMilano$cBUR Rizzoli$d2012 215 $a471 p.$d22 cm 225 2 $aSaggi 410 0$12001$aSaggi 454 1$12001$aCrete$922371 606 0 $aBattaglia di Creta$2BNCF 676 $a940.542195 700 1$aBEEVOR,$bAntony$0559455 801 0$aIT$bsalbc$gISBD 912 $a990005844890203316 951 $aX.3.B. 6822$b240333 L.M.$cX.3.B.$d00341045 959 $aBK 969 $aUMA 996 $aCrete$922371 997 $aUNISA LEADER 01945nas 2200457 n 450 001 990008953860403321 005 20240229084429.0 011 $a0336-1454 035 $a000895386 035 $aFED01000895386 035 $a(Aleph)000895386FED01 035 $a000895386 091 $2CNR$aP 00055643 100 $a20090724a19699999km-y0itaa50------ba 101 0 $afre 102 $aFR 110 $aauu-------- 200 1 $aÉconomie et statistique 207 1$a1969- 210 $aParis$cInsee 326 $aMensile 443 0$1001000895834$12001$aÉtudes et conjoncture. Institut National de la Statistique et des Études Économiques 452 0$12001$aÉconomie et statistique 530 0 $aÉconomie et statistique 675 $a33 675 $a311 676 $a330.944 676 $a314.4 676 $a330.015 195 676 $a305.094 4021 712 02$aInstitut national de la statistique et des études économiques$c 801 0$aIT$bACNP$c20090723 859 4 $uhttp://acnp.cib.unibo.it/cgi-ser/start/it/cnr/dc-p1.tcl?catno=37884&person=false&language=ITALIANO&libr=&libr_th=unina1$zBiblioteche che possiedono il periodico 901 $aSE 912 $a990008953860403321 958 $aBiblioteca della Facoltà di Economia Complesso Universitario Monte S. Angelo- Università degli Studi di Napoli "Federico II"$b1970-1975;1977-$c1970-1972;1974-1975;1977;1981;1983;1988;$fDECBC 959 $aDECBC 996 $aÉconomie et statistique$9798004 997 $aUNINA AP1 8 $6866-01$aNA042 Biblioteca della Facoltà di Economia Complesso Universitario Monte S. Angelo- Università degli Studi di Napoli "Federico II"$evia Cinthia,26, 80126 Napoli (NA)$m081676647-0816782$m081676684$nit AP2 40$aacnp.cib.unibo.it$nACNP Italian Union Catalogue of Serials$uhttp://acnp.cib.unibo.it/cgi-ser/start/it/cnr/df-p.tcl?catno=37884&language=ITALIANO&libr=&person=&B=1&libr_th=unina&proposto=NO